| 000 | 00716nam a2200229Ia 4500 | ||
|---|---|---|---|
| 003 | GCL | ||
| 008 | 140319s9999 xx 000 0 ara d | ||
| 040 |
_aGCL / _cGCL |
||
| 082 | 0 | 4 |
_a257.1 _bل ل |
| 100 | 1 | _aلويس، برنار | |
| 245 | 1 | 0 |
_aلغة السياسة فى الاسلام / _cلويس، برنار |
| 700 | 1 | _aابراهيم شتا | |
| 260 |
_a[S.N] : _bمكتبة مدبولى ، _c1993 |
||
| 300 | _a173 ص | ||
| 490 | _a | ||
| 650 | 0 | 4 | _aالاسلام |
| 650 | 0 | 4 | _aالاسلام والاصلاح السياسى |
| 650 | 0 | 4 | _aالاحكام السلطانية |
| 650 | 0 | 4 | _aحركات الاصلاح والتجديد |
| 650 | 0 | 4 | _aالاسلام والسياسة |
| 942 |
_2ddc _cBK |
||
| 999 |
_c35828 _d35828 |
||